000 00442nam a2200181Ia 4500
001 4427
005 20260306145755.0
008 260306t2003||||xx |||||||||||||| ||spa||
041 _aESP
082 _a321.8
_bN59
100 _aNino, Carlos Santiago
_eAUT
245 0 _aLa constitución de la democracia deliberativa
260 _c2003
300 _a303 pƔginas :
_c22 cm.
650 _aGEN
654 _aCDE
942 _cLIB
_dJUS
_fJUS
_2ddc
_n
999 _c4427
_d4427